000
00291nam a2200121 a 4500
008
120423s2011|||| d
100
1
_a
Vansová, Terézia
245
1
0
_a
Slovenka doma i na cestách
260
_b
Aspekt
_a
Bratislava
_c
2011
020
_c
Dar
041
_a
slo
044
_a
xo
_c
SK
999
_c
20182
_d
20182